000 00568nam a2200229Ia 4500
005 20250425162453.0
008 250425s9999 xx 000 0 und d
020 _a9788449430631
041 _aspa
082 _a463
100 _aAA, S
245 0 _aNUEVO OCEANO UNO: DICCIONARIO ENCICLOPEDICO COLOR
250 _a1A ED.
260 _aBARCELONA
260 _aEspaña
_bOCEANO GRUPO EDITORIAL
_c2010
300 _a1727
650 _aDICCIONARIOS-ESPAÑOL
650 _aTERMINOLOGIA
710 _aOCEANO GRUPO EDITORIAL
942 _c01
010 _a76432
999 _c229918
_d229918